000 00693nam a2200217Ia 4500
005 20241129111111.0
008 241129s9999||||xx |||||||||||||| ||und||
020 _a978-1-108-49834-0
037 _aTB
040 _aCRL
_beng
_cCRL
041 _aeng
_2eng
084 _aV2:51y7M25 R2
_qCRL
100 _aVisana Vikram Au.
_9723307
245 0 _aUncivil liberalism: labour, capital and commercial society in Dadabhai Naoroji's political thought
_cVisana Vikram Au.
260 _aCambridge, USA
_bUniversity Press
_c2022
300 _axv,241p.
365 _aINR
_b1095
650 _aIndian HistoryFreedom Struggle
942 _cTB
_hV2:51y7M25 R2
999 _c1228928
_d1228928